000 00497nam a2200145 4500
999 _c15988
_d15988
008 210203b ||||| |||| 00| 0 eng d
022 _a0732-8435
082 _aDPer 657.05 C33 Feb - Aug 2012, v. 82
100 _aAnders, Susan B.
_942727
245 _aWebsite of the month:
_bNasdaq.com/
_cSusan B. Anders.
260 _aNew York:
_bThe New York State Society of CPA,
_c©2012.
300 _av82 n5, pages 72-73:
_bcolor illustration;
_c28 cm.
650 _aWeb sites.
_913060
942 _2ddc
_cPER